000 00269nam a2200121 a 4500
008 100923s1974|||| d
100 1 _aFlaubert, Gustave
245 1 0 _aSalambo
260 _bTatran
_aBratislava
_c1974
020 _c22
044 _axo
_cSK
041 _aslo
999 _c10639
_d10639